| 000 | 00445nam a2200181Ia 4500 | ||
|---|---|---|---|
| 005 | 20240412151629.0 | ||
| 008 | 131103s9999 xx 000 0 und d | ||
| 040 | _aLoreto College | ||
| 041 | _aEnglish | ||
| 082 |
_a370.1 _bMON |
||
| 100 | _aMontessori, Maria | ||
| 245 |
_aEducation for a New World _cMaria Montessor |
||
| 260 |
_aAdyar _bKalakshetra _c1948 |
||
| 300 | _a113p. | ||
| 650 | _aEducation | ||
| 850 | _aLCBED | ||
| 942 | _cBK | ||
| 999 |
_c26594 _d77073 |
||